Breve historia del homo sapiens /
Guardado en:
| Autor Principal: | |
|---|---|
| Formato: | Libro |
| Publicado: |
Madrid :
Nowtilus,
2009
|
| Materias: | |
| Etiquetas: |
Agregar Etiqueta
Sin Etiquetas, Sea el primero en etiquetar este registro!
|
| LEADER | 00573nam a22002055a 4500 | ||
|---|---|---|---|
| 001 | CEM.cems014080 | ||
| 008 | 130507s2009##################000#0#####d | ||
| 005 | 20210705180430.0 | ||
| 003 | CEMS | ||
| 245 | 1 | 0 | |a Breve historia del homo sapiens / |c Fernando Diez Martín |
| 260 | |a Madrid : |b Nowtilus, |c 2009 | ||
| 300 | |a 253 p. | ||
| 590 | |a 1156.013 | ||
| 020 | |a 9788497637749 | ||
| 100 | 1 | |a Diez Martín, Fernando | |
| 653 | |a Homo sapiens | ||
| 653 | |a Antropología | ||
| 653 | |a Origen del hombre | ||
| 653 | |a Biblioteca TC | ||
| 859 | |a CEMS |b BIB. CEMS - 11 de abril |h TC |p 1156.013 |t Ej.1 | ||
